00333nam a2200121Ia 4500008004100000100002600041245008600067260001200153260001100165260000900176300000700185650001900192160103s9999 xx 000 0 und d10aSameera,Karunamoorthy aEffect of PH and Lecanoric acid on Histamine Formation of Red Flesh fish (Balaya) aColombo bIchemc c2009 a30 aRed Flesh Fish